[Event "FRA-chT Top 16 Gp Haute"]
[Site "Guingamp"]
[Date "2010.06.06"]
[Round "11.8"]
[White "Steil Antoni, Fiona"]
[Black "Silva Lillo, Sebastian"]
[Result "1-0"]
[WhiteElo "2186"]
[BlackElo "2334"]
[PlyCount "51"]
[EventDate "2010.06.03"]
[EventType "team-tourn"]
[EventRounds "11"]
[EventCountry "FRA"]
[SourceTitle "EXT 2011"]
[Source "ChessBase"]
[SourceDate "2010.11.26"]
[SourceVersion "1"]
[SourceVersionDate "2010.11.26"]
[SourceQuality "1"]
[WhiteTeam "Vandoeuvre"]
[BlackTeam "Clichy"]
[WhiteTeamCountry "FRA"]
[BlackTeamCountry "FRA"]

1. e4 c5 2. c3 Nf6 3. e5 Nd5 4. d4 cxd4 5. cxd4 d6 6. Nf3 Nc6 7. Bc4 Nb6 8. Bb3 e6 9. 0-0 Be7 10. Nc3 0-0 11. Qe2 d5 12. a3 f5 13. exf6 Bxf6 14. Rd1 Bd7 15. Bc2 Qe8 16. Bg5 Qh5 17. Bxf6 gxf6 18. Kh1 Kh8 19. g4 Qxg4 20. Rg1 Qh5 21. Rg3 Rg8 22. Ne5 Qe8 23. Rxg8+ Kxg8 24. Rg1+ Kh8 25. Qg4 Qe7 26. Ng6+ 1-0

[Event "FRA-chT1A 0809"]
[Site "France"]
[Date "2008.11.08"]
[Round "2.2"]
[White "Kurmann, Oliver"]
[Black "Silva Lillo, Sebastian"]
[Result "1/2-1/2"]
[WhiteElo "2434"]
[BlackElo "2369"]
[PlyCount "51"]
[EventDate "2008.10.19"]
[EventType "team-tourn"]
[EventRounds "11"]
[EventCountry "FRA"]
[SourceTitle "EXT 2010"]
[Source "ChessBase"]
[SourceDate "2010.11.25"]
[SourceVersion "1"]
[SourceVersionDate "2010.11.25"]
[SourceQuality "1"]
[WhiteTeam "Mulhouse II"]
[BlackTeam "Clichy II"]
[WhiteTeamCountry "FRA"]
[BlackTeamCountry "FRA"]

1. e4 c5 2. Nf3 Nc6 3. Nc3 g6 4. d4 cxd4 5. Nxd4 Bg7 6. Be3 Nf6 7. Bc4 d6 8. f3 Qb6 9. Nf5 Qxb2 10. Nxg7+ Kf8 11. Nd5 Nxd5 12. Bxd5 Kxg7 13. 0-0 Qc3 14. Qc1 h6 15. Rb1 Qa5 16. Rb3 f6 17. Qb2 Qc7 18. f4 Re8 19. f5 g5 20. h4 Ne5 21. Qc1 Rh8 22. hxg5 hxg5 23. Bxg5 Kf8 24. Bh6+ Ke8 25. Rbf3 Kd8 26. Bf4 1/2-1/2

[Event "EU-Cup 24th"]
[Site "Kallithea"]
[Date "2008.10.19"]
[Round "3"]
[White "Silva Lillo, Sebastian"]
[Black "Nabaty, Tamir"]
[Result "0-1"]
[WhiteElo "2369"]
[BlackElo "2456"]
[PlyCount "96"]
[EventDate "2008.10.17"]
[EventType "team-swiss"]
[EventRounds "7"]
[EventCountry "GRE"]
[SourceTitle "CBM 127"]
[Source "ChessBase"]
[SourceDate "2008.11.13"]
[SourceVersion "1"]
[SourceVersionDate "2008.11.13"]
[SourceQuality "1"]
[WhiteTeam "Clichy Echecs 92"]
[BlackTeam "Beer Sheva"]
[WhiteTeamCountry "FRA"]
[BlackTeamCountry "ISR"]

1. Nf3 c5 2. c4 Nc6 3. Nc3 Nf6 4. g3 d5 5. cxd5 Nxd5 6. Bg2 Nc7 7. d3 e5 8. Nd2 Bd7 9. 0-0 Be7 10. Nc4 f6 11. a4 0-0 12. a5 Qc8 13. Bd2 Bh3 14. Qa4 Bxg2 15. Kxg2 Qe6 16. Ne3 Rfd8 17. Qc4 Nd4 18. Rfd1 Rab8 19. Qxe6+ Ncxe6 20. Kf1 Rbc8 21. Nc4 Rc6 22. Be3 Kf7 23. Bxd4 cxd4 24. Ne4 Rd5 25. Rdc1 Nc7 26. Ke1 Ke6 27. Kd1 Rb5 28. e3 dxe3 29. fxe3 Nd5 30. Nc3 Nxc3+ 31. Rxc3 Rxb2 32. Nxb2 Rxc3 33. Kd2 Ra3 34. Rxa3 Bxa3 35. Nc4 Bb4+ 36. Kc2 Kd5 37. Kb3 Be1 38. e4+ Kd4 39. Kc2 f5 40. Nd6 fxe4 41. Nxe4 Bxa5 42. Nd6 Kd5 43. Ne8 g5 44. Nf6+ Ke6 45. Nxh7 Bd8 46. Nf8+ Ke7 47. Ng6+ Kf6 48. Nf8 Be7 0-1

[Event "EU-Cup 24th"]
[Site "Kallithea"]
[Date "2008.10.17"]
[Round "1"]
[White "Frindt, Kornel"]
[Black "Silva Lillo, Sebastian"]
[Result "0-1"]
[WhiteElo "2151"]
[BlackElo "2369"]
[PlyCount "106"]
[EventDate "2008.10.17"]
[EventType "team-swiss"]
[EventRounds "7"]
[EventCountry "GRE"]
[SourceTitle "CBM 127"]
[Source "ChessBase"]
[SourceDate "2008.11.13"]
[SourceVersion "1"]
[SourceVersionDate "2008.11.13"]
[SourceQuality "1"]
[WhiteTeam "Kosice"]
[BlackTeam "Clichy Echecs 92"]
[WhiteTeamCountry "SVK"]
[BlackTeamCountry "FRA"]

1. e4 c5 2. Nf3 Nc6 3. Bb5 e5 4. Bxc6 dxc6 5. h3 Bd6 6. d3 Ne7 7. Nc3 f6 8. Be3 Be6 9. Nd2 b6 10. Ne2 g5 11. Ng3 Ng6 12. Nf5 Qd7 13. Qf3 Bc7 14. g4 0-0-0 15. 0-0-0 Kb7 16. Nc4 Qf7 17. Nh6 Qf8 18. Nf5 h6 19. Bd2 Qf7 20. b3 h5 21. Ng3 Nf4 22. Nf5 Qd7 23. Be3 Rh7 24. Nb2 Rdh8 25. Rdg1 hxg4 26. hxg4 Ne2+ 27. Qxe2 Rxh1 28. Rxh1 Rxh1+ 29. Nd1 Qh7 30. Ng3 Rg1 31. Nf5 Qh3 32. f3 Rf1 33. Bf2 Bxf5 34. exf5 Qg2 35. Kd2 e4 36. fxe4 Bf4+ 37. Be3 Qxe2+ 38. Kxe2 Rxd1 39. Kxd1 Bxe3 40. e5 Bd4 41. e6 Kc7 42. Kd2 Be5 43. Ke3 Bd6 44. a4 a6 45. c3 Be7 46. Ke4 Kd6 47. Kf3 Kd5 48. Ke3 b5 49. a5 Bd8 50. d4 cxd4+ 51. cxd4 Kd6 52. b4 Kd5 53. Kd3 Be7 0-1

[Event "FRA-chT1A 0708"]
[Site "France"]
[Date "2008.04.05"]
[Round "10.2"]
[White "Grigorov, Grigor"]
[Black "Silva Lillo, Sebastian"]
[Result "1-0"]
[WhiteElo "2456"]
[BlackElo "2369"]
[PlyCount "91"]
[EventDate "2007.10.21"]
[EventType "team"]
[EventRounds "11"]
[EventCountry "FRA"]
[SourceTitle "EXT 2009"]
[Source "ChessBase"]
[SourceDate "2008.11.26"]
[SourceVersion "1"]
[SourceVersionDate "2008.11.26"]
[SourceQuality "1"]
[WhiteTeam "Nantes"]
[BlackTeam "Clichy II"]
[WhiteTeamCountry "FRA"]
[BlackTeamCountry "FRA"]

1. d4 Nf6 2. c4 e6 3. Nc3 Bb4 4. Qc2 d5 5. cxd5 Qxd5 6. Nf3 Qf5 7. Qxf5 exf5 8. a3 Be7 9. Ne5 Be6 10. g3 c6 11. Bg2 a5 12. Bg5 Nbd7 13. Nxd7 Bxd7 14. Na4 Be6 15. Bxf6 Bxf6 16. e3 Be7 17. Rc1 0-0 18. 0-0 Ra6 19. Rfe1 Rd8 20. Re2 Kf8 21. Rd2 Bd5 22. Bxd5 Rxd5 23. Kf1 b5 24. Nc3 Rd8 25. Rdc2 Ke8 26. Ne2 Kd7 27. Nf4 f6 28. Ke2 Bd6 29. Nd3 g6 30. Nc5+ Bxc5 31. Rxc5 Rb8 32. d5 Rbb6 33. dxc6+ Rxc6 34. Rd1+ Kc7 35. Rxb5 Rcb6 36. Rxb6 Rxb6 37. Rd2 Rb5 38. Kd3 g5 39. Kc4 Rb6 40. b3 Rc6+ 41. Kb5 Rc3 42. Rb2 f4 43. exf4 gxf4 44. Kxa5 f3 45. Kb4 Rc1 46. Rd2 1-0

[Event "FRA-chT1A 0607"]
[Site "France"]
[Date "2007.02.11"]
[Round "8.1"]
[White "Colin, Vincent"]
[Black "Silva Lillo, Sebastian"]
[Result "1/2-1/2"]
[WhiteElo "2428"]
[BlackElo "2368"]
[PlyCount "70"]
[EventDate "2006.10.15"]
[EventType "team-tourn"]
[EventRounds "11"]
[EventCountry "FRA"]
[SourceTitle "EXT 2008"]
[Source "ChessBase"]
[SourceDate "2007.11.25"]
[SourceVersion "1"]
[SourceVersionDate "2007.11.25"]
[SourceQuality "1"]
[WhiteTeam "Deauville"]
[BlackTeam "Clichy II"]
[WhiteTeamCountry "FRA"]
[BlackTeamCountry "FRA"]

1. c4 Nf6 2. Nc3 e6 3. d4 Bb4 4. e3 0-0 5. Bd3 c5 6. Nf3 d5 7. 0-0 Nc6 8. a3 Bxc3 9. bxc3 Qc7 10. Bb2 dxc4 11. Bxc4 e5 12. h3 e4 13. Nd2 Na5 14. Ba2 c4 15. f3 Qg3 16. fxe4 Qxe3+ 17. Kh1 Nxe4 18. Nxe4 Qxe4 19. Qh5 f5 20. Rae1 Qc6 21. Re7 Be6 22. Re1 Bd5 23. Qg5 Qg6 24. Qxg6 hxg6 25. Bc1 Rf7 26. Bb1 Nc6 27. R7e2 Rff8 28. Kh2 Kf7 29. g4 Kg8 30. Rf1 fxg4 31. Rxf8+ Rxf8 32. Bxg6 gxh3 33. Kxh3 Rf6 34. Re8+ Rf8 35. Bh7+ Kf7 1/2-1/2

[Event "FRA-chT1A 0607"]
[Site "France"]
[Date "2006.12.06"]
[Round "4.2"]
[White "Debray, Christopher"]
[Black "Silva Lillo, Sebastian"]
[Result "0-1"]
[WhiteElo "2302"]
[BlackElo "2368"]
[PlyCount "80"]
[EventDate "2006.10.15"]
[EventType "team-tourn"]
[EventRounds "11"]
[EventCountry "FRA"]
[SourceTitle "EXT 2008"]
[Source "ChessBase"]
[SourceDate "2007.11.25"]
[SourceVersion "1"]
[SourceVersionDate "2007.11.25"]
[SourceQuality "1"]
[WhiteTeam "Evry Grand Roque II"]
[BlackTeam "Clichy II"]
[WhiteTeamCountry "FRA"]
[BlackTeamCountry "FRA"]

1. e4 c5 2. Nf3 Nc6 3. d4 cxd4 4. Nxd4 g6 5. Nc3 Bg7 6. Be3 Nf6 7. Bc4 d6 8. h3 0-0 9. Bb3 Bd7 10. 0-0 a6 11. f4 b5 12. Qd3 Rc8 13. Nxc6 Bxc6 14. e5 Ne8 15. e6 f5 16. Nd5 Bxd5 17. Bxd5 Bxb2 18. Rab1 Bg7 19. c4 Nf6 20. cxb5 Nxd5 21. Qxd5 axb5 22. Rxb5 Rc3 23. Bd2 Rc2 24. a4 Qa8 25. a5 Qxd5 26. Rxd5 Rb8 27. Be3 Re2 28. Bb6 Rxe6 29. Rc1 Re4 30. Rc7 Bf6 31. Rd2 Rxf4 32. Ra2 Rb4 33. Be3 Rb1+ 34. Kf2 R8b2+ 35. Rxb2 Rxb2+ 36. Kf3 Ra2 37. Ra7 Kf7 38. a6 Ke6 39. Ra8 Kd5 40. Bb6 Bd4 0-1

[Event "FRA-chT1A 0607"]
[Site "France"]
[Date "2006.11.25"]
[Round "2.3"]
[White "David, Vincent"]
[Black "Silva Lillo, Sebastian"]
[Result "1/2-1/2"]
[WhiteElo "2371"]
[BlackElo "2368"]
[PlyCount "82"]
[EventDate "2006.10.15"]
[EventType "team-tourn"]
[EventRounds "11"]
[EventCountry "FRA"]
[SourceTitle "EXT 2008"]
[Source "ChessBase"]
[SourceDate "2007.11.25"]
[SourceVersion "1"]
[SourceVersionDate "2007.11.25"]
[SourceQuality "1"]
[WhiteTeam "Niort"]
[BlackTeam "Clichy II"]
[WhiteTeamCountry "FRA"]
[BlackTeamCountry "FRA"]

1. d4 Nf6 2. c4 e6 3. Nf3 Bb4+ 4. Bd2 c5 5. Bxb4 cxb4 6. e3 0-0 7. Be2 d6 8. 0-0 Nc6 9. a3 bxa3 10. Rxa3 e5 11. Nc3 Bg4 12. Qd2 a5 13. Rfa1 b6 14. h3 Bh5 15. d5 Bxf3 16. Bxf3 Nb4 17. Na2 Nxa2 18. R1xa2 Qc7 19. Be2 Rab8 20. b4 axb4 21. Qxb4 Ne4 22. Ra7 Qd8 23. Bf3 Nc5 24. Qb5 h6 25. Rb2 f5 26. Qc6 e4 27. Be2 f4 28. Bg4 fxe3 29. fxe3 h5 30. Be6+ Kh8 31. Qc7 Qf6 32. Rba2 Qe5 33. Rf2 Qg3 34. Rf5 Nxe6 35. dxe6 Rxf5 36. Qxb8+ Kh7 37. e7 Qxe3+ 38. Kh2 Qf4+ 39. Kh1 Qf1+ 40. Kh2 Qf4+ 41. Kh1 Qf1+ 1/2-1/2

[Event "FRA Cup semifinal"]
[Site "Versailles"]
[Date "2006.06.11"]
[Round "1"]
[White "Bergez, Luc"]
[Black "Silva Lillo, Sebastian"]
[Result "1/2-1/2"]
[WhiteElo "2340"]
[BlackElo "238"]
[PlyCount "143"]
[EventDate "2006.06.11"]
[EventType "team"]
[EventRounds "1"]
[EventCountry "FRA"]
[SourceTitle "EXT 2007"]
[Source "ChessBase"]
[SourceDate "2006.11.23"]
[SourceVersion "1"]
[SourceVersionDate "2006.11.23"]
[SourceQuality "1"]

1. e4 c5 2. Nf3 Nc6 3. c3 e5 4. d4 cxd4 5. cxd4 exd4 6. Nxd4 Nf6 7. Nxc6 dxc6 8. Qc2 Be6 9. Nc3 Bc5 10. Be2 h6 11. 0-0 Qe7 12. a3 0-0 13. b4 Bd4 14. Bb2 Rfd8 15. Na4 Bxb2 16. Nxb2 Rd4 17. e5 Nd5 18. g3 Qg5 19. Rfe1 Nf4 20. Bf1 Rd2 21. Qc1 Rad8 22. Nc4 Bxc4 23. Qxc4 Nd3 24. Bxd3 R8xd3 25. e6 fxe6 26. Qxe6+ Kh7 27. Qe4+ Qg6 28. Qxg6+ Kxg6 29. Re6+ Kh7 30. Kg2 Rb2 31. Re7 Rdd2 32. Rf1 Rb3 33. Ra1 Rbb2 34. Rf1 Rb3 35. Rxb7 Rxa3 36. Rc1 Raa2 37. Rf7 Kg6 38. Rf4 Rd6 39. Rc5 Rb2 40. h4 h5 41. Rg5+ Kh6 42. Ra5 Rf6 43. Rxf6+ gxf6 44. Rc5 Rxb4 45. Rxc6 Rb6 46. Rc5 Kg6 47. Ra5 a6 48. Ra4 Rc6 49. Kf3 f5 50. Kf4 Kf6 51. Rb4 a5 52. Rb5 Rc4+ 53. Ke3 a4 54. Kd3 Rc1 55. Rb6+ Ke5 56. f4+ Kd5 57. Rf6 Kc5 58. Rxf5+ Kb4 59. Rf8 Rc3+ 60. Ke4 a3 61. Rb8+ Ka4 62. f5 Rc5 63. Rb1 a2 64. Rf1 Rc4+ 65. Kd3 Rb4 66. Kc2 Ka3 67. Rf3+ Ka4 68. Rf1 Ka3 69. Rf3+ Ka4 70. Rf1 Rb3 71. Rh1 Rxg3 72. Rf1 1/2-1/2

[Event "FRA-chT2B 0506"]
[Site "France"]
[Date "2006.02.05"]
[Round "7.2"]
[White "Silva Lillo, Sebastian"]
[Black "Pein, Malcolm"]
[Result "0-1"]
[WhiteElo "2338"]
[BlackElo "2397"]
[PlyCount "59"]
[EventDate "2005.10.27"]
[EventType "team-tourn"]
[EventRounds "11"]
[EventCountry "FRA"]
[SourceTitle "EXT 2006"]
[Source "ChessBase"]
[SourceDate "2005.11.24"]
[SourceVersion "1"]
[SourceVersionDate "2005.11.24"]
[SourceQuality "1"]
[WhiteTeam "Clichy II"]
[BlackTeam "Rueil Malmaison"]
[WhiteTeamCountry "FRA"]
[BlackTeamCountry "FRA"]

1. d4 Nf6 2. Nf3 c5 3. d5 g6 4. c4 b5 5. cxb5 a6 6. b6 Qxb6 7. Nc3 Bg7 8. e4 d6 9. Nd2 0-0 10. Nc4 Qc7 11. a4 Nbd7 12. a5 Rb8 13. Be2 Ne5 14. Nxe5 dxe5 15. Qc2 e6 16. Bg5 Ne8 17. Bc4 Rb4 18. dxe6 fxe6 19. Qe2 Qb7 20. b3 Nd6 21. 0-0 Nb5 22. Bxb5 axb5 23. a6 Qc6 24. a7 Bb7 25. Ra3 Ra8 26. Rd1 Bf8 27. f3 Rd4 28. Ra5 b4 29. Nb1 Rxd1+ 30. Qxd1 0-1

[Event "FRA-chT2B 0506"]
[Site "France"]
[Date "2006.01.14"]
[Round "5.2"]
[White "Bauduin, Etienne"]
[Black "Silva Lillo, Sebastian"]
[Result "0-1"]
[WhiteElo "2274"]
[BlackElo "2338"]
[PlyCount "80"]
[EventDate "2005.10.27"]
[EventType "team-tourn"]
[EventRounds "11"]
[EventCountry "FRA"]
[SourceTitle "EXT 2006"]
[Source "ChessBase"]
[SourceDate "2005.11.24"]
[SourceVersion "1"]
[SourceVersionDate "2005.11.24"]
[SourceQuality "1"]
[WhiteTeam "Arras"]
[BlackTeam "Clichy II"]
[WhiteTeamCountry "FRA"]
[BlackTeamCountry "FRA"]

1. c4 c5 2. Nf3 Nc6 3. d4 cxd4 4. Nxd4 g6 5. e4 Bg7 6. Be3 Nf6 7. Nc3 0-0 8. Be2 b6 9. 0-0 Bb7 10. f3 Qb8 11. Qd2 Rd8 12. Nc2 d6 13. Rad1 Rd7 14. Nd5 Qf8 15. Bg5 Ne8 16. b4 e6 17. b5 Na5 18. Ndb4 h6 19. Bh4 Be5 20. c5 bxc5 21. Nd3 Nc4 22. Qc1 Rc7 23. Nxe5 Nxe5 24. f4 Nd7 25. f5 exf5 26. exf5 g5 27. Bg3 Ne5 28. Ne3 Nf6 29. Nc4 Nxc4 30. Bxc4 Rd7 31. h4 Ne4 32. Be5 Re8 33. Be6 Rdd8 34. Ba1 d5 35. hxg5 hxg5 36. Rde1 Qh6 37. Rxe4 dxe4 38. Qxc5 fxe6 39. fxe6 Rxe6 40. Qc7 Rf8 0-1

[Event "FRA-chT2B 0506"]
[Site "France"]
[Date "2005.11.20"]
[Round "3.1"]
[White "Cossin, Sebastien"]
[Black "Silva Lillo, Sebastian"]
[Result "1/2-1/2"]
[WhiteElo "2403"]
[BlackElo "2324"]
[PlyCount "94"]
[EventDate "2005.10.27"]
[EventType "team-tourn"]
[EventRounds "11"]
[EventCountry "FRA"]
[SourceTitle "EXT 2006"]
[Source "ChessBase"]
[SourceDate "2005.11.24"]
[SourceVersion "1"]
[SourceVersionDate "2005.11.24"]
[SourceQuality "1"]
[WhiteTeam "Rosny sous Bois"]
[BlackTeam "Clichy II"]
[WhiteTeamCountry "FRA"]
[BlackTeamCountry "FRA"]

1. c4 c5 2. Nc3 Nc6 3. g3 b6 4. Bg2 Bb7 5. Nh3 Nf6 6. 0-0 e6 7. e4 d6 8. f4 Be7 9. d3 a6 10. g4 Qc7 11. f5 Nd4 12. g5 Nd7 13. Nf4 Ne5 14. fxe6 fxe6 15. Nce2 Ng6 16. Nh5 Rg8 17. Nxd4 cxd4 18. b4 a5 19. Qg4 Qd7 20. bxa5 Rxa5 21. Nf6+ gxf6 22. gxf6 Rf8 23. fxe7 Rxf1+ 24. Bxf1 Qxe7 25. Bd2 Ra8 26. Bg5 Qf7 27. Be2 Ne5 28. Qh4 Kd7 29. Kh1 Rg8 30. Rf1 Qg7 31. Rg1 Qf7 32. Qh3 Kc6 33. Bh5 Qd7 34. Bf6 Rxg1+ 35. Kxg1 Bc8 36. Qg3 Qc7 37. h4 Kb7 38. Kh2 Kb8 39. Qf2 Qc5 40. Qg3 Nd7 41. Bd8 Qxh5 42. Qxd6+ Ka7 43. Qc7+ Bb7 44. Qxd7 Qe2+ 45. Kg1 Qe3+ 46. Kh2 Qe2+ 47. Kg1 Qe3+ 1/2-1/2

[Event "Argenteuil"]
[Site "Argenteuil"]
[Date "1997.??.??"]
[Round "6"]
[White "Nikcevic, Nebojsa"]
[Black "Silva Lillo, Sebastian"]
[Result "1-0"]
[WhiteElo "2525"]
[BlackElo "2375"]
[PlyCount "91"]
[EventDate "1997.10.25"]
[EventType "tourn"]
[EventRounds "9"]
[EventCountry "FRA"]
[EventCategory "4"]
[SourceTitle "CBM 062 Extra"]
[Source "ChessBase"]
[SourceDate "1998.03.09"]
[SourceVersion "1"]
[SourceVersionDate "1998.03.09"]
[SourceQuality "1"]

1. Nf3 c5 2. c4 Nf6 3. Nc3 b6 4. e4 d6 5. d4 cxd4 6. Nxd4 Bb7 7. Qe2 g6 8. g3 Nc6 9. Nxc6 Bxc6 10. Bg2 Bg7 11. Be3 0-0 12. 0-0 Qc8 13. Rac1 Qb7 14. Bg5 h6 15. Bd2 a5 16. Nd5 Rfe8 17. b3 Nd7 18. Bc3 Bxd5 19. exd5 Bxc3 20. Rxc3 Qc7 21. Re3 Nf6 22. a4 Ra7 23. h4 Qc5 24. Bh3 Kg7 25. Kh2 Nh5 26. f4 f5 27. Re6 Nf6 28. h5 gxh5 29. Bxf5 Qd4 30. Rd1 Qc3 31. Rd3 Qa1 32. Rde3 Kf7 33. Kg2 h4 34. g4 Qd4 35. Qf2 Kg8 36. Rh3 Qxf2+ 37. Kxf2 Kg7 38. Rxh4 Rh8 39. g5 hxg5 40. Rxh8 Kxh8 41. fxg5 Ng8 42. Rg6 e5 43. dxe6 Rc7 44. Be4 Rc5 45. Bd5 Rc8 46. Rf6 1-0

[Event "Argenteuil"]
[Site "Argenteuil"]
[Date "1997.??.??"]
[Round "2"]
[White "Royer, Sylvain"]
[Black "Silva Lillo, Sebastian"]
[Result "0-1"]
[WhiteElo "2230"]
[BlackElo "2375"]
[PlyCount "82"]
[EventDate "1997.10.25"]
[EventType "tourn"]
[EventRounds "9"]
[EventCountry "FRA"]
[EventCategory "4"]
[SourceTitle "CBM 062 Extra"]
[Source "ChessBase"]
[SourceDate "1998.03.09"]
[SourceVersion "1"]
[SourceVersionDate "1998.03.09"]
[SourceQuality "1"]

1. e4 Nf6 2. e5 Nd5 3. Nc3 Nxc3 4. dxc3 g6 5. Bc4 Bg7 6. Qe2 d5 7. Bd3 c5 8. c4 Nc6 9. f4 Nd4 10. Qd1 dxc4 11. Bxc4 Bf5 12. Bd3 Qd5 13. Kf2 0-0-0 14. Bxf5+ Nxf5 15. Qxd5 Rxd5 16. Ne2 f6 17. Nc3 Rd7 18. exf6 exf6 19. Nd1 Nd6 20. Ne3 f5 21. Rd1 Re8 22. Kf3 Kc7 23. Rb1 Kc6 24. b4 Bd4 25. c3 Bxe3 26. Bxe3 b6 27. Bf2 Red8 28. Bh4 Rf8 29. a4 Rff7 30. b5+ Kc7 31. Rd3 Ne4 32. Rxd7+ Rxd7 33. Be1 Rd3+ 34. Ke2 Rxc3 35. a5 Rc2+ 36. Kd3 Rxg2 37. Ra1 Rxh2 38. axb6+ axb6 39. Ra7+ Kd6 40. Rb7 Kd5 41. Rd7+ Nd6 0-1